| 000 | 00511nam a2200229Ia 4500 | ||
|---|---|---|---|
| 003 | IT-RoPAU | ||
| 008 | 120407s9999 xx 000 0 und d | ||
| 040 | _aIT-RoPAU | ||
| 040 | _cIT-RoPAU | ||
| 041 | _aita | ||
| 100 | _aGeorgios I. Mantzarides | ||
| 245 | _aEtica e vita spirituale. Una prospettiva Ortodossa. | ||
| 250 | _aBologna | ||
| 260 | _aEDB | ||
| 260 | _c1989 | ||
| 300 | _a213 p. | ||
| 300 | _c19 cm | ||
| 490 | _aEtica teologica oggi | ||
| 490 | _v112 | ||
| 942 | _cBK | ||
| 999 |
_c28895 _d28895 |
||